000 00837nam a2200241 i 4500
001 C2-0223230
003 PPAK
005 20180728152151.0
008 000203s1989 my a|||| ||||| | may d
040 _aPPAK
_beng
_cPPAK
_erda
082 0 4 _a809.88992
_223
090 0 0 _a809.88992
_bNOR
_dKK
100 0 _aNorzita bt. Abu Mansor,
_eauthor
245 1 0 _aSejarah perkembangan kegiatan penulisan dan persuratan di Kedah sehingga tahun 1970an
264 1 _aBangi, Selangor :
_bUniversiti Kebangsaan Malaysia ,
_c1989
300 _axvii, 135 pages :
_billustrations ;
_c30 cm
336 _2rdacontent
_atext
337 _2rdamedia
_aunmediated
338 _2rdacarrier
_avolume
500 _aTesis - Ijazah Sarjana Muda Sastera dengan kepujian ; Tidak boleh difotokopi
650 1 0 _aAuthors, Malay - Kedah - History
942 _ddc
_cB
999 _c144416
_d144416